000 01454nam a2200265 i 4500
003 DO-SdBNP
005 20250401135741.0
007 ta
008 210607b2000 dr ac 00| 0 eng dspa d
020 _a9789993467489
040 _aDO-SdBNP
_bspa
_cBNPHU
_erda
082 4 _bC436g
_222
100 1 _aChaljub Mejía, Rafael
_d1942-
_eautor
_918985
245 1 3 _aLa guerra de los 6 años /
_cRafael Chaljub Mejía ; corrección, Édison Núñez ; índice onomástico, Paola Chaljub
264 _aSanto Domingo :
_bAmigo del Hogar,
_c2008.
300 _a290 paginas ;
_bilustraciones, retratos ;
_c23 cm.
336 _2rdacontent
_atexto
_btxt
337 _2rdamedia
_asin mediación
_bn
338 _2rdacarrier
_avolumen
_bnc
500 _aIncluye datos biográficos del autor en la solapa de la contracubierta e Incluye índice onomástico
505 2 _aPresentación /
_rRamón Rivas
_tIntroducción /
_rRafael Chaljub Mejía --
_tBuenaventura Báez --
_tLa dictadura en acción --
_tLas reacciones --
_tCabral y Luperón --
_tGrant a la carga --
_tLa guerra nacional en marcha --
_tEl presidente Grant vuelve a la carga --
_tLa entrega de Salnave --
_tEjecución del poeta Manuel Rodríguez Objío --
_tLa muerte del general Andres Ogando --
_tPionero del terrorismo y la guerra sucia --
_tPor cuales causas se estancó la guerra --
_tLa descomposición y el fin de la dictadura.
590 _aInventariado, 2021 /LP
910 _aLopérez
942 _2ddc
_cLBS1
999 _c49884
_d49884